Sortilegio / (Record no. 146890)

MARC details
000 -LEADER
campo de control de longitud fija 00782nam a2200229 i 4500
001 - NÚMERO DE CONTROL
campo de control 146890
003 - IDENTIFICADOR DE NÚMERO DE CONTROL
campo de control ES-MaACL
005 - FECHA Y HORA DE LA ÚLTIMA TRANSACCIÓN
campo de control 20260511145843.0
007 - CAMPO FIJO DE DESCRIPCIÓN FÍSICA--INFORMACIÓN GENERAL
campo de control de longitud fija t|
008 - DATOS DE LONGITUD FIJA--INFORMACIÓN GENERAL
campo de control de longitud fija 070919q1946 sp ||||1| spa d
080 ## - NÚMERO DE LA CLASIFICACIÓN DECIMAL UNIVERSAL
Número de la Clasificación Decimal Universal 84-32"19"=6
100 ## - ENTRADA PRINCIPAL--NOMBRE DE PERSONA
Nombre de persona Troyat, Henri,
Fechas asociadas al nombre 1911-2007
9 (RLIN) 233580
245 10 - MENCIÓN DEL TÍTULO
Título Sortilegio /
Mención de responsabilidad, etc. Henri Troyat ; [traducción de Alejandro Liaño].
260 ## - PUBLICACIÓN, DISTRIBUCIÓN, ETC.
Lugar de publicación, distribución, etc. Barcelona :
Nombre del editor, distribuidor, etc. Edit. Lara,
Fecha de publicación, distribución, etc. 1946.
300 ## - DESCRIPCIÓN FÍSICA
Extensión 234 p. ;
Dimensiones 19 cm.
490 1# - MENCIÓN DE SERIE
Mención de serie Col. Horizonte
505 8# - NOTA DE CONTENIDO CON FORMATO
Nota de contenido con formato Contiene: Hechicerías.- El filántropo.- El velador.- El retrato.- El "Hijo del Cielo".- La gloria.- Resurreccion.- La verdad.- La pelirroja
700 1# - ENTRADA AGREGADA--NOMBRE PERSONAL
Nombre de persona Liaño, Alejandro.
9 (RLIN) 72149
830 0# - PUNTO DE ACCESO ADICIONAL DE SERIE-TÍTULO UNIFORME
Título uniforme Col. Horizonte
9 (RLIN) 187435
852 ## - LOCALIZACIÓN
Ubicación ES-MaACL
Número de control de estantería E-962
Sublocalización o colección R.28468
Holdings
Estatus retirado Estado de pérdida Estado de daño No para préstamo Biblioteca de origen Biblioteca actual Ubicación en estantería Fecha de adquisición Fuente de adquisición Total de préstamos Signatura topográfica completa Código de barras Visto por última vez Precio de reemplazo Tipo de ítem Koha
        Biblioteca del Ateneo de Madrid Biblioteca del Ateneo de Madrid Depósito 2 17/01/2008     E-962 1153302 23/02/2023 23/02/2023 Libro impreso